Sharjah Art Foundation Library

Contact High: A visual history of Hip-Hop/ (Record no. 6550)

MARC details
000 -LEADER
fixed length control field 01080nam a2200169Ia 4500
001 - CONTROL NUMBER
control field 6550
008 - FIXED-LENGTH DATA ELEMENTS--GENERAL INFORMATION
fixed length control field 260430s9999 xx 000 0 und d
020 ## - INTERNATIONAL STANDARD BOOK NUMBER
International Standard Book Number 9780525573883
245 #0 - TITLE STATEMENT
Title Contact High: A visual history of Hip-Hop/
Statement of responsibility, etc. Vikki Tobak
260 ## - PUBLICATION, DISTRIBUTION, ETC.
Place of publication, distribution, etc. NY;
Name of publisher, distributor, etc. Clarkson Potter Publishers;
Date of publication, distribution, etc. 2018
300 ## - PHYSICAL DESCRIPTION
Extent 288p;
Dimensions 33x26cm
520 ## - SUMMARY, ETC.
Summary, etc. Featuring rare outtakes from over 100 photoshoots alongside interviews and essays from industry legends, Contact High: A Visual History of Hip-Hop takes readers on a chronological journey from old-school to alternative hip-hop and from analog to digital photography. The ultimate companion for music and photography enthusiasts, Contact High is the definitive history of hip-hop’s early days, celebrating the artists that shaped the iconic album covers, t-shirts and posters beloved by hip-hop fans today. With essays from BILL ADLER, RHEA L. COMBS, FAB 5 FREDDY, MICHAEL GONZALES, YOUNG GURU, DJ PREMIER, and RZA
546 ## - LANGUAGE NOTE
Language note English
650 ## - SUBJECT ADDED ENTRY--TOPICAL TERM
Topical term or geographic name entry element Hip Hop
9 (RLIN) 9385
650 ## - SUBJECT ADDED ENTRY--TOPICAL TERM
Topical term or geographic name entry element TR624-835 Technology- Applied Photography
942 ## - ADDED ENTRY ELEMENTS (KOHA)
Koha item type Book
Holdings
Withdrawn status Lost status Damaged status Not for loan Collection Home library Current library Date acquired Total Checkouts Full call number Barcode Date last seen Price effective from Koha item type
        Technology- Photography, Cinematography, Electronic Media SAF Reference Library Photography Gallery 04/27/2026   TR624-835 83.246 6550 04/30/2026 04/30/2026 Book

Copyright © 2022. Sharjah Art Foundation. All Rights Reserved.